000 00313 a2200133 4500
005 20250702081003.0
020 _a978-1-529-11270-2
082 _a658 KEL
100 _aKELMAN, J .
245 _aHow Late it Was, How Late,
260 _aBritish,
_bClays Limited,
_c1994.
300 _a405p,
_c20cm.
942 _2ddc
_cBKS
999 _c6560
_d6560